| 000 | 01533cam a22002895a 4500 | ||
|---|---|---|---|
| 001 | 16343807 | ||
| 005 | 20161222105649.0 | ||
| 008 | 100722t2011 nyua fr 001 0 eng d | ||
| 020 | _a9780071750196 | ||
| 020 | _a0071750193 | ||
| 040 |
_aDLC _cDLC _dDLC _dEG-ScBUE _beng |
||
| 082 | 0 | 4 |
_222 _a338.83 _bNES |
| 100 | 1 | _aNesvold, H. Peter. | |
| 245 | 1 | 0 |
_aArt of distressed M & A : _bbuying, selling, and financing troubled and insolvent companies / _cH. Peter Nesvold, Jeffrey Anapolsky, Alexandra Reed Lajoux. |
| 246 | 3 | _aArt of distressed M and A | |
| 260 |
_aNew York : _bMcGraw-Hill, _cc.2011. |
||
| 300 |
_axvi, 476 p. : _bill. ; _c24 cm. |
||
| 500 | _aIncludes index. | ||
| 505 | 0 | _aBusiness failures -- Alternatives for the distressed business -- Trends in distressed M&A and investing -- A debtor and creditor overview -- Secured creditors -- Unsecured creditors -- Advisors and other parties -- Accounting for workouts: TDRs, extinguishments, and modifications -- Accounting for bankruptcy: NOLs and fresh start reporting -- Mitigating legal risks in distressed M&A -- Principles of distressed company valuation -- The plan of reorganization -- 363 sales and loan-to-own transactions -- Financing and refinancing considerations. | |
| 650 | 7 |
_aConsolidation and merger of corporations. _2BUEsh _936487 |
|
| 650 | 7 |
_aConsolidation and merger of corporations _xFinance. _2BUEsh |
|
| 651 | _2BUEsh | ||
| 653 |
_bBUSADM _cDecember2016 |
||
| 700 | 1 | _aAnapolsky, Jeffrey. | |
| 700 | 1 | _aLajoux, Alexandra Reed. | |
| 942 | _2ddc | ||
| 999 |
_c23699 _d23671 |
||